| 000 | 00793 a2200193 4500 | ||
|---|---|---|---|
| 003 | NUST | ||
| 005 | 20251203141630.0 | ||
| 040 | _cNust | ||
| 082 | _a621.382,FAT | ||
| 100 |
_aNC Rabia Fatima (TCC-21) _9132179 |
||
| 245 |
_aImplementation of virtual table tennis / _cNC Rabia Fatima , NC Aamina Hassan and PC Mustafa Waqar |
||
| 260 |
_aRawalpindi _bMCS (NUST) _c2013 |
||
| 300 | _axi, 71 p.; | ||
| 505 | _aIntroduction (Page-1), Background and literature Review (Page- 4), Kinect Implementation (Page-14), Implementation Using Digital Camera (Page-27), Analysis and Evaluation (Page-40), future Work (Page-52), Bibliography (Page-57). | ||
| 650 |
_aUG Project _9131132 |
||
| 651 |
_aTCC-21 _9132180 |
||
| 700 |
_aSupervised by Ast Prof Dr. Muhammad Arif Wahla _9132183 |
||
| 942 |
_cPR _2ddc |
||
| 999 |
_c210852 _d210852 |
||